000 00507nam a2200181Ia 4500
005 20240823060057.0
008 240823s9999||||xx |||||||||||||| ||und||
041 _aENGLISH
082 _A625.705 Q6
100 _aAircraft Technical Institute
245 0 _aMaintenance Practices : Aviation Maintenance Techinician Certification Series (Module 07A)
250 _a1st
260 _c2016
_bAircraft Technical Book Co
500 _aTRANSFERED
650 _aAviation
_bAME
942 _cBK
999 _c230279
_d230279